Terribly Spelled Countries - Statistics

General Stats
  • This quiz has been taken 51 times
  • The average score is 17 of 18
Answer Stats
Misspelled Country Actual Spelling % Correct
Sawdee Araybeeya Saudi Arabia
100%
Ceyepris Cyprus
98%
Guatimalluh Guatemala
98%
Kahsackstan Kazakhstan
98%
Lucksimboarg Luxembourg
98%
Mosambeeck Mozambique
98%
Kwatar Qatar
98%
Zymbobway Zimbabwe
98%
Aserbuyshan Azerbaijan
95%
Lechtenstine Liechtenstein
95%
Fillifeines Philippines
95%
Oozebecistan Uzbekistan
95%
Bozkneea an Hurtsigoveena Bosnia and Herzegovina
93%
Saria Leeown Sierra Leone
93%
Kairigistan Kyrgyzstan
90%
Giny-Bassow Guinea-Bissau
88%
Tagicistan Tajikistan
88%
Maritooaineea Mauritania
86%
No matching quizzes found
Score Distribution
Percent of People with Each Score
Percentile by Number Answered
Your Score History
You have not taken this quiz